U.S. Homeowners' Favorite Trees & Shrubs (with pictures!) - Statistics

General Stats
  • This quiz has been taken 15 times
  • The average score is 5 of 9
Answer Stats
Picture Answer % Correct
sugar maple
93%
red maple
86%
Colorado blue spruce
64%
eastern redcedar
57%
loblolly pine
57%
quaking aspen
43%
arborvitae
29%
forsythia
29%
Canadian hemlock
7%
No matching quizzes found
Score Distribution
Percent of People with Each Score
Percentile by Number Answered
Your Score History
You have not taken this quiz